000 00335nam a2200133Ia 4500
008 240624s9999 xx 000 0 und d
041 _aeng
082 _a005.743 ELL
100 _aELLIS BYRON
245 _aREAL TIME ANALYTICS TECHNIQUES TO ANALYZ
260 _c2014
_aCanada
_bWiley
300 _axix, 412 p.; 23 cm.
365 _c
_b38
999 _c30623
_d30623